Komunistyczne Państwa w Historii - Statystyki

Ogólne statystyki
  • Ten quiz został rozwiązany 96 razy
  • Średni wynik to 16 z 26
Statystyki odpowiedzi
Lata Państwo % Poprawnych
1944–1989 Polska
99%
1922–1991 Związek Radziecki
99%
1949– Chiny
98%
1959– Kuba
92%
1945–1991 Jugosławia
89%
1948–2009 Korea Północna
88%
1976– Wietnam
87%
1948–1990 Czechosłowacja
86%
1949–1990 Niemcy Wschodnie
85%
1947–1989 Rumunia
83%
1949–1989 Węgry
83%
1946–1990 Bułgaria
77%
1975– Laos
74%
1946–1992 Albania
63%
1924–1990 Mongolia
63%
1979–1989 Kambodża
62%
1978–1992 Afganistan
44%
1975–1992 Angola
38%
1975–1990 Mozambik
36%
1970–1991 Kongo
32%
1987–1991 Etiopia
31%
1969–1991 Somalia
24%
1967–1990 Jemen Południowy
21%
1975–1990 Benin
15%
1979–1983 Grenada
15%
1945–1976 Wietnam Północny
13%
Nie znaleziono quizów pasujących do podanych kryteriów
Rozkład punktacji
Procent ludzi z każdym wynikiem
Percentyl według liczby udzielonych odpowiedzi
Twoja historia wyników
Nie rozwiązałeś tego quizu